Minecraft. Príručka prežitia /

Hlavní autor: McBrien, Thomas
Korporativní autor: Mojang Studios
Další autoři: Bieriezjanczuk, Kate, Brožina, Jaroslav
Jazyk: Slovenština
Vydáno: Praha : Albatros Media a.s., 2024
Vydání: Druhé vydanie
Témata:
Fyzický popis: 93 stran : ilustrace (převážně barevné) ; 22 cm
Language note: Slovenský text
Knihy
Uloženo v:
LEADER 01957nam a2200541 i 4500
001 nkc20243625481
003 CZ PrNK
005 20240827133354.0
007 ta
008 240805s2024 xr a g f 000 0 slo
015 |a cnb003625481 
020 |a 978-80-252-5863-7  |q (vázáno) 
035 |a (OCoLC)1455301918 
040 |a OLA001  |b cze  |e rda 
041 1 |a slo  |h eng 
072 7 |a 795  |x Elektronické hry  |2 Konspekt  |9 20 
080 |a 795  |2 MRF 
080 |a 794.05  |2 MRF 
080 |a (035)  |2 MRF 
100 1 |a McBrien, Thomas  |7 jo20201094589  |4 aut 
240 1 0 |a Minecraft survival handbook.  |l Slovensky 
245 1 0 |a Minecraft.  |p Príručka prežitia /  |c napísal Thomas McBrien ; ilustrácie Kate Bieriezjanczuk ; z anglického originálu Minecraft survival handbook ... preložil Jaroslav Brožina 
246 3 0 |a Príručka prežitia 
250 |a Druhé vydanie 
264 1 |a Praha :  |b Albatros Media a.s.,  |c 2024 
300 |a 93 stran :  |b ilustrace (převážně barevné) ;  |c 22 cm 
336 |a text  |b txt  |2 rdacontent 
336 |a statický obraz  |b sti  |2 rdacontent 
337 |a bez média  |b n  |2 rdamedia 
338 |a svazek  |b nc  |2 rdacarrier 
500 |a Pod názvem: Mojang Studios 
521 8 |a Pro čtenáře od 8 let 
546 |a Slovenský text 
630 0 7 |a Minecraft (videohra)  |7 unn20201096901  |2 czenas 
650 0 7 |a počítačové hry  |7 ph124512  |2 czenas 
650 0 7 |a strategie her  |7 ph135592  |2 czenas 
650 0 9 |a computer games  |2 eczenas 
650 0 9 |a game strategy  |2 eczenas 
655 7 |a příručky  |7 fd133209  |2 czenas 
655 9 |a handbooks and manuals  |2 eczenas 
700 1 |a Bieriezjanczuk, Kate  |7 xx0284219  |4 ill 
700 1 |a Brožina, Jaroslav  |7 jo20201090430  |4 trl 
710 2 |a Mojang Studios  |7 mzk20211117741  |4 cre 
910 2 |a BOA001  |b 2-1529.146 
990 |a BK 
995 |a 01 
991 |b 202408  |c NOV 
996 6 |b 2610976906  |c 2-1529.146  |l MZK  |r Sklad / do 1 hodiny  |n 0  |p p.v.  |w 001973403  |u 000010  |a 1  |e BOA001  |j MZK50  |s P